书目信息 |
| 题名: |
说话要幽默 处世要随和
|
|
| 作者: | 刘汶 编著 | |
| 分册: | ||
| 出版信息: | 北京 民主与建设出版社 2010 |
|
| 页数: | 275页 | |
| 开本: | 24cm | |
| 丛书名: | ||
| 单 册: | ||
| 中图分类: | C912.1 | |
| 科图分类: | ||
| 主题词: | 人间交往--通俗读物 , 人间交往 | |
| 电子资源: | ||
| ISBN: | 978-7-5139-0036-2 | |
| 000 | 00834nam0 2200241 45 | |
| 001 | 1133556016 | |
| 005 | 20110411170808.03 | |
| 010 | @a978-7-5139-0036-2@dCNY32.00 | |
| 100 | @a20110407d2010 em y0chiy0110 ea | |
| 101 | 0 | @achi |
| 102 | @aCN@b110000 | |
| 105 | @ay z 000yy | |
| 106 | @ar | |
| 200 | 1 | @a说话要幽默 处世要随和@AShuo Hua Yao You Mo Chu Shi Yao Sui He@f刘汶编著@FLiu Wen Bian Zhu |
| 210 | @a北京@c民主与建设出版社@d2010 | |
| 215 | @a275页@d24cm | |
| 330 | @a本书主要内容包括:幽默给你的口才插上魅力的翅膀、幽默让你的智慧闪光、幽默是说服他人的敲门砖、用幽默助你摆脱尴尬、让幽默成为你的一种表达方式、用幽默调剂你的工作等。 | |
| 606 | 0 | @a人间交往@j通俗读物 |
| 606 | 0 | @a人间交往 |
| 690 | @aC912.1@v4 | |
| 701 | 0 | @a刘汶@ALiu Wen@4编著 |
| 801 | 0 | @aCN@bTANGWEI@c20110411 |
| 905 | @b0534561-65@dC912.1@e719@f5 | |
| 说话要幽默 处世要随和/刘汶编著.-北京:民主与建设出版社,2010 |
| 275页;24cm |
| ISBN 978-7-5139-0036-2:CNY32.00 |
| 本书主要内容包括:幽默给你的口才插上魅力的翅膀、幽默让你的智慧闪光、幽默是说服他人的敲门砖、用幽默助你摆脱尴尬、让幽默成为你的一种表达方式、用幽默调剂你的工作等。 |
| ● |
| 相关链接 |
|
|
|
|
正题名:说话要幽默 处世要随和
索取号:C912.1/719
 
预约/预借
| 序号 | 登录号 | 条形码 | 馆藏地/架位号 | 状态 | 备注 |
| 1 | 0534561 | 205345615 | 第一样本阅览室/ [索取号:C912.1/719] | 在馆 | |
| 2 | 0534562 | 205345624 | 第一借阅区/ [索取号:C912.1/719] | 在馆 | |
| 3 | 0534563 | 205345633 | 第一借阅区/ [索取号:C912.1/719] | 在馆 | |
| 4 | 0534564 | 205345642 | 第一借阅区/ [索取号:C912.1/719] | 在馆 | |
| 5 | 0534565 | 205345651 | 第一借阅区/ [索取号:C912.1/719] | 在馆 |